The Sicilian Vespers : a history of the Mediterranean world in the later thirteenth century /

محفوظ في:

المؤلف الرئيسي: Runciman, Steven, 1903-2000 (مؤلف)

التنسيق: كتاب

اللغة: English

منشور في: Baltimore : Penguin Books, [1960, c1958].

سلاسل: A Pelican book.

الموضوعات:

الوسوم: إضافة وسم

لا توجد وسوم, كن أول من يضع وسما على هذه التسجيلة!

رقم الطلب: DG867.3 .R85 1960

LEADER 00989nam a2200289Ii 4500
001 7305
003 OSt
005 20260121113927.0
008 130303t19601958mdubj b 001 0 eng d
015 |a GB60-13468 
029 1 |a UKM  |b b6013468 
035 |a ocm02199187 
040 |c ARCE Library 
043 |a e-it---  |a mm----- 
050 4 |a DG867.3 .R85 1960 
100 1 |a Runciman, Steven,  |d 1903-2000,  |e author  |9 38786 
245 1 4 |a The Sicilian Vespers :  |b a history of the Mediterranean world in the later thirteenth century /  |c Steven Runciman. 
264 1 |a Baltimore :  |b Penguin Books,  |c [1960, c1958]. 
300 |a xiii, 384 pages :   |b maps (1 folded) geneal. tables ;   |c 19 cm. 
490 0 |a A Pelican book. 
504 |a Includes bibliographical references (pages 355-363) and index. 
650 0 |a Sicilian Vespers, Italy, 1282.  |9 2674 
651 0 |a Mediterranean Region  |x History. 
651 0 |a Sicily (Italy)  |x History  |y 1194-1282. 
901 |a reviewed 
942 |c BK  |2 lcc 
999 |c 4493  |d 4493